Virtual training basic /

Bibliographic Details
Main Author: Huggett, Cindy
Format: Book
Published: Alexandria VA: ASTD Press, 2010.
Subjects:
LEADER 00551cam a2200193 7i4500
001 0000052916
005 20151104090000.0
005 ##20151104171600.0
003 ##MY-KlINT
020 # # |a 9781562867027  
039 # 9 |y 201511041716  |z VLOAD 
090 0 0 |a 658.3124   |b HUG 
100 1 # |a Huggett, Cindy 
245 0 0 |a Virtual training basic /   |c Cindy Huggett. 
260 # # |a Alexandria VA:   |b ASTD Press,   |c 2010. 
300 # # |a xvi,174p:   |b ill;   |c 24cm. 
500 # # |a Includes index 
650 # 0 |a Employees --   |x Training of  
650 # 0 |a Employees training personnel --   |x Training of